000 00864pam a2200253 a 4500
005 20260322212032.0
008 data
010 _a 92053326
020 _a0060168382 (cloth) :
_c{dollar}22.50 ({dollar}27.95 Can.)0
020 _a9780060168384 (cloth) :
_c{dollar}22.50 ({dollar}27.95 Can.)0
040 _aDLC
_cDLC
_dDLC
050 0 0 _aRM237.7
_b.O76 1993
082 0 0 _a641.5/635
_220
092 _a641.5 O76 1993
245 0 0 _aEat more, weigh less :
_bDr. Dean Ornish's life choice program for losing weight safely while eating abundantly /
_cedited by Dean Ornish.
250 _a1st ed.
260 _aNew York :
_bHarperCollins,
_cc1993.
300 _axv, 425 p. ;
_c25 cm.
504 _aIncludes bibliographical references (p. 405-406) and indexes.
650 0 _aLow-fat diet
_xRecipes.
650 0 _aReducing diets.
700 1 _aOrnish, Dean.
001 data
999 _c733
_d733